[Event "Nordic Championship"]
[Site "Vaxjo"]
[Date "2017.06.30"]
[Round "7.23"]
[White "Crevatin, Leo"]
[Black "Fors, Tomas"]
[Result "1-0"]
[WhiteElo "2044"]
[BlackElo "2157"]

1.d4 Nf6 2.c4 e6 3.Nc3 Bb4 4.e3 O-O 5.Ne2 Re8 6.a3 Bf8 7.Ng3 d5 8.cxd5 
exd5 9.Be2 b6 10.O-O c5 11.b3 Nc6 12.Bb2 Bb7 13.Rc1 Rc8 14.dxc5 bxc5 15.
Na4 Ne5 16.Bb5 Nfd7 17.Nc3 a6 18.Ba4 d4 19.exd4 cxd4 20.Qxd4 Bc5 21.Qd2 
Qh4 22.Bxd7 Rcd8 23.Nd5 Bxf2+ 24.Qxf2 Rxd7 25.Bxe5 1-0

[Event "Nordic Championship"]
[Site "Vaxjo"]
[Date "2017.06.30"]
[Round "7.24"]
[White "Wahlund, Max"]
[Black "Buchert, Vitus"]
[Result "1-0"]
[WhiteElo "2142"]
[BlackElo "1970"]

1.d4 Nf6 2.c4 c5 3.d5 e6 4.Nc3 exd5 5.cxd5 d6 6.e4 g6 7.f4 Bg7 8.Bb5+ Nfd7
9.Nf3 a6 10.Bd3 b5 11.O-O O-O 12.Kh1 c4 13.Bc2 f5 14.exf5 gxf5 15.Be3 Nf6 
16.Bd4 Ng4 17.h3 Bxd4 18.Qxd4 Nh6 19.a4 b4 20.Ne2 Qc7 21.a5 Nd7 22.Ba4 Nf6
23.Bc6 Bb7 24.Qxc4 Bxc6 25.dxc6+ d5 26.Qc5 Rfe8 27.Nfd4 Rab8 28.Ng3 Kh8 
29.Rac1 Ne4 30.Nxe4 dxe4 31.Nxf5 Re6 32.Qd4+ Kg8 33.Qd5 1-0

[Event "Nordic Championship"]
[Site "Vaxjo"]
[Date "2017.06.30"]
[Round "7.25"]
[White "Knutsson, Hakan"]
[Black "Storme, Isak"]
[Result "0-1"]
[WhiteElo "1880"]
[BlackElo "2129"]

1.e4 c5 2.Nf3 Nc6 3.d4 cxd4 4.Nxd4 Nf6 5.Nc3 d6 6.Be2 e6 7.O-O Be7 8.Kh1 
O-O 9.f4 a6 10.a4 Qc7 11.Be3 Re8 12.Qe1 Nxd4 13.Bxd4 e5 14.fxe5 dxe5 15.
Qg3 Bd8 16.Be3 Be6 17.Bh6 g6 18.Bg5 Nd7 19.Be3 Bf6 20.Qf2 Bg7 21.Rad1 f5 
22.Bd3 f4 23.Bc1 Nf6 24.h3 g5 25.g4 Kf7 26.Qg2 h5 27.Be2 hxg4 28.hxg4 Rh8+
29.Kg1 Rh4 30.Nd5 Qc5+ 0-1

[Event "Nordic Championship"]
[Site "Vaxjo"]
[Date "2017.06.30"]
[Round "7.26"]
[White "Karlsson, Ulf"]
[Black "Thornblad, Erik"]
[Result "0-1"]
[WhiteElo "2027"]
[BlackElo "2107"]

1.e4 e5 2.Nf3 Nc6 3.Nc3 Nf6 4.d4 exd4 5.Nxd4 Bb4 6.Nxc6 bxc6 7.Bd3 d5 8.
exd5 O-O 9.O-O cxd5 10.Bg5 c6 11.Qf3 Be7 12.Rfe1 Rb8 13.Rab1 Re8 14.h3 Be6
15.Ne2 c5 16.c3 Ne4 17.Bxe7 Rxe7 18.Qe3 Qc7 19.Bxe4 dxe4 20.b3 Rd8 21.Rbd1
Rd6 22.Rxd6 Qxd6 23.c4 f5 24.Nc3 Qe5 25.f4 Qd4 26.Kf2 Rd7 27.Rd1 Qf6 28.
Rxd7 Bxd7 29.Qd2 Qd4+ 30.Qxd4 cxd4 31.Nd5 Kf7 32.Ke2 Ke6 33.a3 Kd6 34.Nb4 
a5 35.Na2 Kc5 36.a4 h6 37.h4 Be8 38.Kd2 Bh5 39.g3 Bf3 40.Kc2 Be2 41.Kd2 
Bd3 42.Nc1 Bb1 43.Ne2 e3+ 44.Ke1 Bc2 45.Nc1 d3 0-1

[Event "Nordic Championship"]
[Site "Vaxjo"]
[Date "2017.06.30"]
[Round "7.27"]
[White "Carlsson, Ludvig"]
[Black "Alquist, Erik"]
[Result "1-0"]
[WhiteElo "2088"]
[BlackElo "2040"]

1.f4 c5 2.Nf3 g6 3.g3 Bg7 4.Bg2 Nc6 5.O-O e6 6.d3 Nge7 7.e4 O-O 8.Nc3 a6 
9.Be3 Nd4 10.Qd2 d6 11.Nd1 b5 12.c3 Nxf3+ 13.Bxf3 Bb7 14.d4 cxd4 15.cxd4 
f5 16.e5 Bxf3 17.Rxf3 Rc8 18.a4 Nd5 19.axb5 axb5 20.Ra6 dxe5 21.dxe5 Nxe3 
22.Qxd8 Rfxd8 23.Nxe3 Rd2 24.Rf2 Rd3 25.Re2 Bf8 26.Rxe6 Bc5 27.Kf2 Rcd8 
28.Rc6 Ba7 29.Rc7 Bd4 30.Rb7 Rb3 31.h3 b4 32.g4 Bc5 33.Rc7 Bb6 34.Rc6 Ba7 
35.Kf3 Kf8 36.gxf5 gxf5 37.Rf6+ Ke8 38.Re6+ Kf8 39.Ra6 Bc5 40.Ra5 Bb6 41.
Rb5 Ba7 42.e6 Rdd3 43.Rxf5+ Ke8 44.Re5 Bd4 45.Re4 Bxb2 46.Kg4 Bg7 47.Nf5 
Bf6 48.e7 h5+ 49.Kxh5 Rxh3+ 50.Kg6 Bxe7 51.Rxe7+ Kd8 52.R7e3 Rhxe3 53.Rxe3
Rb1 54.Nd4 Rd1 55.Nc6+ Kd7 56.Nxb4 1-0

[Event "Nordic Championship"]
[Site "Vaxjo"]
[Date "2017.06.30"]
[Round "7.28"]
[White "Emmoth, Alfons"]
[Black "Nilsson, Mattias"]
[Result "1-0"]
[WhiteElo "2053"]
[BlackElo "1947"]

1.d4 c5 2.d5 Nf6 3.Nc3 d6 4.e4 g6 5.Be2 Bg7 6.Nf3 O-O 7.O-O Bg4 8.Bf4 a6 
9.a4 Qa5 10.Nd2 Bxe2 11.Qxe2 Nh5 12.Bg5 Re8 13.Nc4 Qc7 14.Qd2 Nd7 15.Bh6 
Ne5 16.Na3 Qc8 17.Bxg7 Kxg7 18.f4 Nd7 19.Nc4 Qc7 20.Rae1 Nb6 21.Nxb6 Qxb6 
22.e5 Kg8 23.g4 Ng7 24.f5 dxe5 25.Rxe5 f6 26.Re4 g5 27.Qe3 Kf7 28.Re1 Qd6 
29.Qh3 h5 30.gxh5 Qd7 31.Re6 Qc7 32.h6 Rh8 33.Rxe7+ Qxe7 34.Rxe7+ Kxe7 35.
Qe3+ Kf7 36.hxg7 Kxg7 37.Qe7+ 1-0

[Event "Nordic Championship"]
[Site "Vaxjo"]
[Date "2017.06.30"]
[Round "7.29"]
[White "Green, Per"]
[Black "Halvarsson, Peter"]
[Result "1-0"]
[WhiteElo "1965"]
[BlackElo "1889"]

1.c4 g6 2.Nc3 Bg7 3.g3 Nf6 4.Bg2 O-O 5.d3 d6 6.Nf3 Nbd7 7.Rb1 a5 8.O-O c6 
9.a3 Ng4 10.Bd2 Nge5 11.b4 Nxf3+ 12.Bxf3 axb4 13.axb4 Ne5 14.Bg2 Be6 15.b5
Bd7 16.Qc2 f5 17.e3 e6 18.f4 Ng4 19.h3 Nh6 20.Qb3 Nf7 21.Ra1 Qe7 22.b6 
Rab8 23.Ra7 g5 24.Ne2 Nd8 25.Bc3 c5 26.Re1 Bc6 27.e4 fxe4 28.dxe4 gxf4 29.
Nxf4 e5 30.Nd5 Qg5 31.Kh2 Rf2 32.Ra2 Rf8 33.Bd2 Qh5 34.Ne7+ Kh8 35.Nf5 Qg6
36.Qd3 Nf7 37.Rf1 Rbe8 38.Be3 Qe6 39.Raf2 Kg8 40.h4 Ra8 41.Bh3 Qe8 42.Nxg7
Kxg7 43.Bf5 Bd7 44.Qd1 Bxf5 45.Rxf5 Qe6 46.Qc2 Qd7 47.Qd1 Qe6 48.Qg4+ Qg6 
49.Qf3 Qe6 50.Qe2 Qe7 51.h5 Qe6 52.Qg4+ Kh8 53.Qh4 Kg7 54.h6+ Kh8 55.Bg5 
Nxg5 56.Rxf8+ 1-0

[Event "Nordic Championship"]
[Site "Vaxjo"]
[Date "2017.06.30"]
[Round "7.30"]
[White "Ranby, Hans"]
[Black "Eriksson, Per"]
[Result "0-1"]
[WhiteElo "1873"]
[BlackElo "1891"]

1.b3 d5 2.Bb2 Bf5 3.Nf3 e6 4.e3 h6 5.c4 Nf6 6.Nc3 c6 7.cxd5 exd5 8.Be2 Bd6
9.O-O O-O 10.Rc1 Nbd7 11.d4 Re8 12.Na4 Ne4 13.Nd2 Ndf6 14.Nc5 Qe7 15.Ncxe4
Nxe4 16.Nxe4 Bxe4 17.Bd3 Qg5 18.Bxe4 Rxe4 19.Qf3 Rae8 20.Rce1 R8e6 21.Qd1 
h5 22.Bc1 Rg6 23.Qf3 h4 24.h3 Rf6 25.Qd1 Bb8 26.Ba3 Rg6 27.Qf3 Qd8 28.Qd1 
Ree6 29.Qh5 Rg5 30.Qf3 Reg6 31.e4 Qf6 32.Kh1 Rxg2 33.Qxg2 Rxg2 34.Kxg2 
Qxd4 35.exd5 Qxd5+ 36.Kg1 Qg5+ 37.Kh1 Qf4 38.Kg2 Qh2+ 39.Kf3 Qxh3+ 40.Ke2 
f6 41.Rd1 Qe6+ 42.Kf3 Qf5+ 43.Ke2 Bf4 44.Rd8+ Kh7 45.Rfd1 Qg4+ 46.f3 Qg2+ 
47.Kd3 Qxf3+ 48.Kc2 Qe2+ 49.Kb1 Qe4+ 50.Kb2 h3 51.R1d7 h2 52.Bf8 Bh6 53.
Re7 Qg2+ 54.Ka3 h1=Q 55.Rdd7 Qc1+ 56.Ka4 b5+ 57.Kb4 Bd2+ 0-1

[Event "Nordic Championship"]
[Site "Vaxjo"]
[Date "2017.06.30"]
[Round "7.31"]
[White "Sjostrand, Joel"]
[Black "Nebrin, Johan"]
[Result "0-1"]
[WhiteElo "1890"]
[BlackElo "1834"]

1.c4 Nf6 2.g3 g6 3.Bg2 Bg7 4.Nc3 O-O 5.d3 c6 6.e4 e5 7.Nge2 c5 8.Be3 d6 9.
Qd2 Ng4 10.O-O Nxe3 11.fxe3 Nc6 12.Nd5 Be6 13.a3 Bxd5 14.exd5 Ne7 15.b4 b6
16.d4 exd4 17.exd4 Nf5 18.bxc5 bxc5 19.dxc5 Bxa1 20.Rxa1 dxc5 21.Nf4 Rb8 
22.Rf1 Qf6 23.Qf2 Qd4 24.Qxd4 Nxd4 25.Nd3 Rfc8 26.d6 Rd8 27.Bd5 Ne6 28.Ne5
Rxd6 29.Rxf7 Rb1+ 30.Kf2 Rb2+ 31.Kg1 Re2 32.Rd7 Rxd7 33.Nxd7 Kg7 34.Kf1 
Nd4 35.Nxc5 Rxh2 36.Ne4 Ra2 37.c5 Rxa3 38.Kf2 Kf8 39.g4 h6 40.Nd6 Ke7 41.
Be4 Rc3 42.Nc8+ Kf6 43.Nxa7 Rxc5 44.Ke3 Nb5 45.Nc6 Nc7 46.Nb4 Rc3+ 47.Nd3 
Ne6 48.Kd2 Rc4 49.Nf2 Ng5 50.Bg2 Ke5 51.Nd3+ Kf6 52.Nf2 Nf7 53.Ne4+ Ke5 
54.Ke3 Nd6 55.Nf2 Rc3+ 56.Nd3+ Rxd3+ 57.Kxd3 Kf4 58.Bc6 Kxg4 59.Ke2 Kg3 
60.Kf1 Kh2 61.Kf2 Nc4 62.Be8 g5 63.Kf3 Ne5+ 64.Ke4 g4 65.Kxe5 g3 66.Bc6 h5
0-1

[Event "Nordic Championship"]
[Site "Vaxjo"]
[Date "2017.06.30"]
[Round "7.32"]
[White "Skjoldager, Flemming"]
[Black "Knoppel, Bjorn"]
[Result "0-1"]
[WhiteElo "1906"]
[BlackElo "1805"]

1.e4 d5 2.exd5 Qxd5 3.Nc3 Qd8 4.d4 Nf6 5.Nf3 Bg4 6.Be2 c6 7.h3 Bxf3 8.Bxf3
e6 9.O-O Nbd7 10.Ne2 Bd6 11.c4 O-O 12.Qb3 Qb6 13.Be3 Qxb3 14.axb3 e5 15.
Nc3 exd4 16.Bxd4 Bc5 17.Rfd1 Bxd4 18.Rxd4 Nc5 19.Ra3 a6 20.b4 Ne6 21.Rd1 
Rad8 22.Raa1 Nd4 23.Ne4 Nxf3+ 24.gxf3 Nxe4 25.fxe4 g6 26.Kg2 Rfe8 27.Kf3 
Kf8 28.Ke3 Ke7 29.f3 g5 30.Rac1 Ke6 31.Ra1 f5 32.Rac1 Ke5 33.b3 f4+ 34.Ke2
h6 35.Ra1 Rxd1 36.Rxd1 Re7 37.Rd8 Re6 38.c5 Re7 39.Rd6 Rh7 40.Kf2 h5 41.
Kg2 g4 42.Rg6 gxh3+ 43.Kxh3 Rd7 44.Rg5+ Kd4 45.Rxh5 Rg7 46.e5 Ke3 47.Kh4 
Kxf3 48.Rg5 Rh7+ 49.Rh5 Re7 50.Rg5 Ke4 51.Kg4 Rxe5 52.Rg7 Ke3 53.Rxb7 f3 
54.Rf7 f2 0-1

[Event "Nordic Championship"]
[Site "Vaxjo"]
[Date "2017.06.30"]
[Round "7.33"]
[White "Stolpe, Kjell"]
[Black "Sukhayanudit, Apichai"]
[Result "1-0"]
[WhiteElo "1622"]
[BlackElo "1819"]

1.d3 d5 2.Nf3 Nc6 3.Nbd2 e5 4.e4 dxe4 5.dxe4 a6 6.c3 Nf6 7.Qc2 Bc5 8.Be2 
O-O 9.h3 Nh5 10.g3 f5 11.Nh4 Nxg3 12.fxg3 f4 13.Bc4+ Kh8 14.Ndf3 fxg3 15.
Bg5 Bf2+ 16.Kf1 Qd6 17.Qe2 Na5 18.Rd1 Qb6 19.Bd3 h6 20.Be7 Rf7 21.Nxe5 Qe6
22.Nxf7+ Kg8 23.Ba3 Qf6 24.Nxh6+ Qxh6 25.Nf5 Bxf5 26.exf5 Kh8 1-0

[Event "Nordic Championship"]
[Site "Vaxjo"]
[Date "2017.06.30"]
[Round "7.34"]
[White "Svensson, Bengt"]
[Black "Ottosson, Bjorn"]
[Result "1-0"]
[WhiteElo "1784"]
[BlackElo "1761"]

1.e4 c5 2.Nf3 Nc6 3.d4 cxd4 4.Nxd4 Nf6 5.Nc3 Qa5 6.Nb3 Qc7 7.Be2 e6 8.a3 
a6 9.O-O b5 10.Bg5 Be7 11.f4 h6 12.Bxf6 Bxf6 13.e5 Be7 14.Ne4 Bb7 15.Nd6+ 
Bxd6 16.exd6 Qb6+ 17.Kh1 Rc8 18.f5 exf5 19.Rxf5 O-O 20.Nc5 Nb8 21.Nxb7 
Qxb7 22.Bf3 Nc6 23.Bd5 Qb6 24.c3 Nd8 25.Be4 Qe3 26.Bc2 Ne6 27.Rf3 Qb6 28.
Qd3 g6 29.Rf6 Ng7 30.Raf1 Qc5 31.Qh3 Nh5 32.Qxd7 Nxf6 33.Rxf6 Kg7 34.Rxg6+
Kh8 35.Rxh6+ Kg8 36.Qg4+ 1-0

[Event "Nordic Championship"]
[Site "Vaxjo"]
[Date "2017.06.30"]
[Round "7.35"]
[White "Johansson, Robert"]
[Black "Lindvall, Per"]
[Result "0-1"]
[WhiteElo "1397"]
[BlackElo "1721"]

1.e4 e5 2.Nf3 Nc6 3.Bb5 a6 4.Ba4 Nf6 5.O-O b5 6.Bb3 Be7 7.c3 O-O 8.Re1 d6 
9.h3 Na5 10.Bc2 c5 11.d4 cxd4 12.cxd4 Qc7 13.d5 Bd7 14.b4 Nc4 15.Nbd2 Rfc8
16.Bd3 a5 17.Bxc4 bxc4 18.Ba3 axb4 19.Bxb4 Bf8 20.Rc1 Qb8 21.a3 Bb5 22.Rc3
Nd7 23.Qe2 Nb6 24.Qe3 Na4 25.Rc2 h6 26.Rec1 Nb6 27.g4 g6 28.Nh2 Kh7 29.f4 
Bg7 30.Ndf3 Nd7 31.h4 Rf8 32.h5 exf4 33.Qxf4 Qb6+ 34.Kg2 Ne5 35.g5 Rad8 
36.gxh6 Bxh6 37.Ng5+ Kg8 38.Rd1 Ba4 39.Ng4 Nxg4 40.Qxg4 Bxc2 41.hxg6 Bxg5 
42.Bc3 Qe3 43.Re1 Bxe4+ 44.Qxe4 Qxe4+ 45.Rxe4 fxg6 46.Re6 Kh7 0-1

[Event "Nordic Championship Women"]
[Site "Vaxjo"]
[Date "2017.06.30"]
[Round "4.1"]
[White "Fredericia, Louise"]
[Black "Johansson, Viktoria"]
[Result "1/2-1/2"]
[WhiteElo "2089"]
[BlackElo "2114"]

1.e4 c5 2.Nc3 Nc6 3.Bb5 Nd4 4.Bc4 e6 5.Nge2 Nf6 6.O-O a6 7.d3 b5 8.Bb3 Bb7
9.Nxd4 cxd4 10.Ne2 Bc5 11.c3 dxc3 12.bxc3 O-O 13.Bg5 Be7 14.Rc1 Rc8 15.a4 
d6 16.axb5 axb5 17.Nd4 Qd7 18.Qd2 h6 19.Bxh6 gxh6 20.Qxh6 Rc5 21.Nxe6 fxe6
22.Bxe6+ Qxe6 23.Qg6+ Kh8 24.Qh6+ Kg8 25.Qg6+ Kh8 26.Qh6+ Kg8 27.Qg6+ Kh8 
1/2-1/2

[Event "Nordic Championship Women"]
[Site "Vaxjo"]
[Date "2017.06.30"]
[Round "4.2"]
[White "Kakulidis, Ellen"]
[Black "Mariano-Wagman, Cristine Rose"]
[Result "1-0"]
[WhiteElo "1914"]
[BlackElo "1933"]

1.Nf3 f5 2.g3 Nf6 3.Bg2 g6 4.d3 Bg7 5.O-O O-O 6.e4 d6 7.exf5 Bxf5 8.c3 Qc8
9.Nd4 d5 10.Nxf5 Qxf5 11.d4 Nc6 12.f4 Rad8 13.Qe2 h5 14.Nd2 Rd6 15.Nf3 Qg4
16.Re1 Ne4 17.Ne5 Nxe5 18.fxe5 Qxe2 19.Rxe2 Re6 20.Bxe4 dxe4 21.Rxe4 c5 
22.Bf4 Rf5 23.d5 Rb6 24.g4 hxg4 25.b3 Kf7 26.Bg3 Ke8 27.Rae1 e6 28.d6 Ra6 
29.R1e2 Rc6 30.Rxg4 g5 31.h4 Bh6 32.hxg5 Bxg5 33.Rh2 Be3+ 34.Kg2 Rf7 35.
Rh8+ Kd7 36.Rgg8 Ra6 37.Rc8 Rxa2+ 38.Kh3 Rh7+ 39.Rxh7+ Kxc8 40.Rc7+ Kb8 
41.Re7 Kc8 42.Rxe6 Bg5 43.Rg6 Bd8 44.e6 b5 45.e7 Bxe7 46.dxe7 Re2 47.Rg8+ 
Kd7 48.Bh4 Re3+ 49.Kg2 c4 50.Rd8+ Kc6 51.bxc4 bxc4 52.e8=Q+ Rxe8 53.Rxe8 
1-0

[Event "Nordic Championship Women"]
[Site "Vaxjo"]
[Date "2017.06.30"]
[Round "4.3"]
[White "Fredericia Nilssen, Ellen"]
[Black "Ptacnikova, Lenka"]
[Result "0-1"]
[WhiteElo "1948"]
[BlackElo "2207"]

1.d4 Nf6 2.Nf3 b5 3.Bf4 e6 4.e3 a6 5.Nbd2 Be7 6.Bd3 c5 7.dxc5 Bxc5 8.c4 
bxc4 9.Nxc4 Bb4+ 10.Nfd2 O-O 11.Qb3 Nc6 12.a3 Bxd2+ 13.Nxd2 e5 14.Bg5 Rb8 
15.Qc2 h6 16.Bh4 g5 17.Bg3 Nh5 18.Qc3 Bb7 19.Bxe5 Nxe5 20.Qxe5 Nf4 21.Be4 
Bxe4 22.Qxe4 Re8 23.Qd4 Nxg2+ 24.Kf1 Nh4 25.Ne4 Rb6 26.Nc3 Ree6 27.Nd5 
Rbd6 28.Rd1 f5 29.Qc4 Qb8 30.Rd2 Nf3 31.Rc2 Kf7 32.a4 Qb7 33.Nc7 Ne5 34.
Nxe6 Qxh1+ 35.Ke2 Qd1# 0-1

[Event "Nordic Championship Women"]
[Site "Vaxjo"]
[Date "2017.06.30"]
[Round "4.4"]
[White "Olsson, Linn"]
[Black "Horn, Emilia"]
[Result "1/2-1/2"]
[WhiteElo "1796"]
[BlackElo "1995"]

1.d4 d5 2.c4 c6 3.e3 Nf6 4.Nc3 a6 5.a3 b5 6.cxd5 cxd5 7.Nf3 Bg4 8.Be2 e6 
9.O-O Bd6 10.h3 Bh5 11.Re1 O-O 12.Qc2 Nbd7 13.Ng5 Bxe2 14.Qxe2 h6 15.Nf3 
Ne4 16.Bd2 f5 17.Rac1 g5 18.Nxe4 dxe4 19.Nh2 Nf6 20.Rc6 Qd7 21.Rxd6 Qxd6 
22.Bb4 Qc6 23.Bxf8 Rxf8 24.Qd2 Rc8 25.Qb4 Nd5 26.Qd2 h5 27.Qe2 Nf6 28.Qd2 
g4 29.h4 Kg7 30.Nf1 Qc7 31.Ng3 Kg6 32.Ne2 Nd5 33.Rc1 Qd7 34.Rxc8 Qxc8 35.
Nf4+ Nxf4 36.exf4 Qc4 1/2-1/2

[Event "Nordic Championship Women"]
[Site "Vaxjo"]
[Date "2017.06.30"]
[Round "4.5"]
[White "Lindberg, Cajsa"]
[Black "Fransson, Pia"]
[Result "1/2-1/2"]
[WhiteElo "1734"]
[BlackElo "1482"]

1.d4 Nf6 2.c4 g6 3.Nc3 Bg7 4.e4 d6 5.Nf3 O-O 6.Be2 c5 7.d5 e6 8.O-O Re8 9.
h3 Na6 10.Rb1 Nc7 11.Bg5 h6 12.Bh4 g5 13.Bg3 exd5 14.exd5 Bf5 15.Bd3 Ne4 
16.Nxe4 Bxe4 17.Bxe4 Rxe4 18.Qd3 Re8 19.b4 Na6 20.a3 Qd7 21.b5 Nc7 22.Rfe1
Rxe1+ 23.Rxe1 b6 24.Re3 f5 25.Qe2 f4 26.Re7 Re8 27.Rxe8+ Qxe8 28.Qxe8+ 
Nxe8 29.Bh2 Kf7 30.g3 fxg3 31.fxg3 Nf6 32.g4 Ne4 33.Kf1 Ke7 34.Ke2 Bb2 35.
Ke3 Nf6 36.a4 Ne8 37.Kd3 Kd7 38.Ke4 Ng7 39.Nd2 Ke7 40.Kd3 Ne8 41.Ne4 Bg7 
1/2-1/2

[Event "Nordic Championship Women"]
[Site "Vaxjo"]
[Date "2017.06.30"]
[Round "4.6"]
[White "Eriksson, Ofelia"]
[Black "Cramling, Anna"]
[Result "0-1"]
[WhiteElo "1742"]
[BlackElo "1912"]

1.d4 d5 2.Bf4 Nf6 3.e3 c5 4.c3 Nc6 5.Nf3 Qb6 6.Qc1 Bf5 7.Be2 Rc8 8.Nbd2 h6
9.dxc5 Qxc5 10.Nb3 Qb6 11.Nfd4 Bh7 12.a4 e5 13.a5 Qc7 14.Nxc6 bxc6 15.Bg3 
Bd6 16.Nd2 c5 17.Bb5+ Nd7 18.O-O O-O 19.f4 Nf6 20.Nf3 e4 21.Nd2 c4 22.Nb1 
Rb8 23.Ba4 Qxa5 24.Qd2 Rb6 25.Ra2 Qc5 26.Na3 Rfb8 27.Rb1 Qc7 28.Bh4 Qb7 
29.Bxf6 gxf6 30.Nc2 Bc5 31.Nd4 Bxd4 32.cxd4 Bf5 33.Qe1 Kh7 34.Bd1 Rg8 35.
Qa5 a6 36.Bh5 Rg7 37.g3 Bg4 38.Bxg4 Rxg4 39.Qc5 Rg8 40.Qa5 Rc8 41.Re1 Qc6 
42.Re2 Rcb8 43.Kf2 Kg6 44.Qa3 Qb5 45.Qc5 Qxc5 46.dxc5 Rc6 47.Rd2 Rxc5 48.
Rxa6 Rcb5 49.Ra2 Kf5 50.Ke1 Ke6 51.Kd1 Rb3 52.Ke2 Kd6 53.Ra6+ R8b6 54.
Rxb6+ Rxb6 55.g4 Rb3 56.Rc2 Kc5 57.Rd2 Rd3 58.Rd1 d4 59.exd4+ Kxd4 60.Ra1 
e3 61.Ra6 Rd2+ 62.Kf3 Rf2+ 63.Kg3 Rxb2 0-1

[Event "Nordic Championship 50+"]
[Site "Vaxjo"]
[Date "2017.06.30"]
[Round "6.1"]
[White "Lauritzen, Einar"]
[Black "Mortensen, Henrik"]
[Result "1-0"]
[WhiteElo "1984"]
[BlackElo "1931"]

1.d4 Nf6 2.Nf3 g6 3.c4 d5 4.cxd5 Nxd5 5.e4 Nb6 6.Nc3 Bg7 7.h3 O-O 8.Be2 
Nc6 9.Be3 Na5 10.O-O Nac4 11.Bf4 Nd6 12.Rc1 c6 13.b3 Ne8 14.Qd2 Nf6 15.Bh6
a5 16.Bxg7 Kxg7 17.Bc4 Nxc4 18.bxc4 e6 19.e5 Ng8 20.Ne4 b5 21.cxb5 cxb5 
22.Nd6 Ba6 23.Rc5 b4 24.Rfc1 Ne7 25.Ng5 Bc8 26.Rc7 Bd7 27.Nb7 Qe8 28.Ne4 
Nd5 29.Nf6 Nxf6 30.exf6+ Kxf6 31.Qf4+ Kg7 32.Qe5+ Kg8 33.Nc5 Bb5 34.Ne4 
1-0

[Event "Nordic Championship 50+"]
[Site "Vaxjo"]
[Date "2017.06.30"]
[Round "6.2"]
[White "Holst, Conny"]
[Black "Kirppo, Ronny"]
[Result "1/2-1/2"]
[WhiteElo "2150"]
[BlackElo "1900"]

1.d4 Nf6 2.c4 b6 3.Nc3 Bb7 4.f3 d5 5.cxd5 Nxd5 6.e4 Nxc3 7.bxc3 e5 8.Be3 
exd4 9.cxd4 Bb4+ 10.Kf2 O-O 11.Bc4 Nd7 12.Ne2 c5 13.Qb3 cxd4 14.Nxd4 Bc5 
15.Rad1 Qf6 16.Nf5 Bxe3+ 17.Qxe3 Nc5 18.Qd4 Qxd4+ 19.Rxd4 g6 20.Ne3 Rfd8 
21.Rhd1 Rxd4 22.Rxd4 Rc8 23.h4 Kg7 24.h5 Rc7 25.hxg6 hxg6 26.Ke2 Rd7 27.
Rxd7 Nxd7 28.Kd2 Ne5 29.Be2 Nd7 30.Bc4 Ne5 31.Be2 Nd7 32.Bc4 1/2-1/2

[Event "Nordic Championship 50+"]
[Site "Vaxjo"]
[Date "2017.06.30"]
[Round "6.3"]
[White "Olsson, Magnus"]
[Black "Karason, Askell O"]
[Result "1/2-1/2"]
[WhiteElo "1662"]
[BlackElo "2271"]

1.Nf3 c5 2.c4 g6 3.Nc3 Bg7 4.g3 Nc6 5.Bg2 e5 6.d3 Nge7 7.e4 O-O 8.O-O a6 
9.a4 Rb8 10.Ne1 Nd4 11.f4 d6 12.Nf3 exf4 13.gxf4 Bg4 14.Ne2 b5 15.axb5 
axb5 16.cxb5 Rxb5 17.Nc3 Rb8 18.Qa4 Rb4 19.Qd1 Qb8 20.Ra4 Rxb2 21.Bxb2 
Qxb2 22.Nd5 Nxd5 23.exd5 Ne2+ 24.Kh1 Nxf4 25.Rxf4 Bh5 26.Re4 Ra8 27.Re2 
Qb5 28.Qc2 Qd7 29.Ref2 h6 30.Nd2 Bd4 31.Rxf7 Qxf7 32.Rxf7 Kxf7 33.Nb3 Be5 
34.Be4 Ra3 35.Kg2 Kg7 36.h3 g5 37.Bf3 Bg6 38.Be4 Be8 39.Nd2 Ra1 40.Qb3 Ba4
41.Qb7+ Kf8 42.Qb8+ Ke7 43.Qc7+ Kf6 44.Qd8+ Kf7 45.Qc7+ Kf6 46.Qd8+ Kf7 
47.Qc7+ Kf8 1/2-1/2

[Event "Nordic Championship 50+"]
[Site "Vaxjo"]
[Date "2017.06.30"]
[Round "6.4"]
[White "Ortoft, Kai"]
[Black "Franzen, Thomas"]
[Result "1-0"]
[WhiteElo "1984"]
[BlackElo "2032"]

1.Nf3 Nf6 2.c4 g6 3.g3 Bg7 4.Bg2 c6 5.O-O d6 6.d4 O-O 7.Nc3 a5 8.h3 Na6 9.
e4 Rb8 10.Qe2 Bd7 11.e5 Ne8 12.Bf4 Nac7 13.d5 cxd5 14.cxd5 dxe5 15.Bxe5 
Nd6 16.Bxg7 Kxg7 17.Nd4 Nf5 18.Rfd1 Nxd4 19.Rxd4 b5 20.b4 axb4 21.Rxb4 Na6
22.Rd4 Qc8 23.Qe3 h5 24.Kh2 Re8 25.Rc1 Qd8 26.Ne2 Qb6 27.Nf4 Rbc8 28.Rxc8 
Bxc8 29.Nxh5+ gxh5 30.Rg4+ hxg4 31.Qxb6 gxh3 32.Be4 Rh8 33.Qxb5 Rd8 34.Qc4
Rh8 35.Qd4+ f6 36.Qb6 Re8 37.Bd3 1-0

[Event "Nordic Championship 50+"]
[Site "Vaxjo"]
[Date "2017.06.30"]
[Round "6.5"]
[White "Johansson, Lennart B"]
[Black "Ohlsson, Mikael"]
[Result "1-0"]
[WhiteElo "1974"]
[BlackElo "1765"]

1.e4 c5 2.Nc3 a6 3.a4 e6 4.Nf3 b6 5.d4 cxd4 6.Nxd4 Qc7 7.Be2 Bb7 8.Bf3 d6 
9.O-O Nd7 10.g3 Ne7 11.Ndb5 axb5 12.Nxb5 Qb8 13.Nxd6+ Kd8 14.Nxf7+ 1-0

[Event "Nordic Championship 50+"]
[Site "Vaxjo"]
[Date "2017.06.30"]
[Round "6.6"]
[White "Sandgren, Per-Olov"]
[Black "Gunnarsson, Lennart"]
[Result "0-1"]
[WhiteElo "1422"]
[BlackElo "1800"]

1.e4 e6 2.d4 d5 3.Nc3 Nf6 4.Bg5 dxe4 5.Nxe4 Nbd7 6.Nf3 Be7 7.Bd3 Nxe4 8.
Bxe7 Qxe7 9.Bxe4 Qb4+ 10.Qd2 Qxb2 11.O-O Nf6 12.Bd3 Qa3 13.Rfb1 Qe7 14.c4 
O-O 15.Re1 c6 16.Rad1 Qc7 17.Bc2 Rd8 18.Qg5 h6 19.Qh4 c5 20.dxc5 Rxd1 21.
Rxd1 Bd7 22.Qd4 Rc8 23.Ne5 Be8 24.c6 Bxc6 25.Nxc6 Qxc6 26.Qxa7 Qxc4 27.Bb3
Qe4 28.Qb6 g6 29.Rd8+ Rxd8 30.Qxd8+ Kg7 31.Qd1 h5 32.f3 Qe3+ 33.Kh1 Nd5 
34.h3 Nf4 35.Qg1 Qxg1+ 36.Kxg1 h4 37.Kf2 g5 38.Bc4 Kf6 39.Bf1 Ke5 40.a4 b6
41.g3 Nd5 42.Bb5 Kd4 0-1

[Event "Nordic Championship 50+"]
[Site "Vaxjo"]
[Date "2017.06.30"]
[Round "6.7"]
[White "Lang, Gusztav"]
[Black "Andersson, Erik"]
[Result "0-1"]
[WhiteElo "1723"]
[BlackElo "1703"]

1.e4 c6 2.Nf3 d5 3.exd5 cxd5 4.d4 g6 5.Ne5 a6 6.c3 Nf6 7.Bg5 Bg7 8.Qa4+ 
Nbd7 9.Bxf6 exf6 10.Nxd7 Qxd7 11.Qxd7+ Bxd7 12.Bd3 Bh6 13.O-O O-O 14.Na3 
Rfe8 15.Rfe1 Rxe1+ 16.Rxe1 Re8 17.Rxe8+ Bxe8 18.Nc2 Bf8 19.Be2 Bh6 20.Nb4 
Bc1 21.Nd3 Bd2 22.Kf1 a5 23.Bf3 Bc6 24.Ke2 Bh6 25.Kd1 Kf8 26.Kc2 Ke7 27.b3
Kd6 28.Ne1 b6 29.g3 Bb5 30.Bh1 Be2 31.Bg2 Bb5 32.f4 Bf8 33.Bf3 Be7 34.Ng2 
Bc6 35.Ne3 h5 36.g4 hxg4 37.Nxg4 Bd7 38.Ne3 Bc6 39.h4 b5 40.h5 Bf8 41.f5 
gxh5 42.Bxh5 Ke7 43.Bf3 Kd6 44.c4 dxc4 45.Bh5 Be4+ 46.Kb2 cxb3 47.Bxf7 
bxa2 48.Kxa2 Bh6 49.Ng4 Bg5 50.Be6 Bd5+ 0-1

[Event "Nordic Championship 65+"]
[Site "Vaxjo"]
[Date "2017.06.30"]
[Round "6.1"]
[White "Nilsson, Weine"]
[Black "Lekander, Rolf"]
[Result "1/2-1/2"]
[WhiteElo "1956"]
[BlackElo "2180"]

1.e4 g6 2.d4 Bg7 3.Nc3 c6 4.Be3 d5 5.f3 dxe4 6.Nxe4 Nd7 7.Ne2 Ngf6 8.N2c3 
Nd5 9.Nxd5 cxd5 10.Nc3 Nb6 11.Qd2 e6 12.O-O-O a6 13.Kb1 Bd7 14.h4 Qe7 15.
h5 O-O-O 16.h6 Bf8 17.Bf4 Bc6 18.Qe3 Qd7 19.Be5 Rg8 20.Bf4 Rh8 21.Be5 Rg8 
22.Bf4 Rh8 23.Be5 Rg8 1/2-1/2

[Event "Nordic Championship 65+"]
[Site "Vaxjo"]
[Date "2017.06.30"]
[Round "6.2"]
[White "Olesen, Christer"]
[Black "Lauritsen, Niels"]
[Result "0-1"]
[WhiteElo "1827"]
[BlackElo "2039"]

1.d4 d5 2.Bf4 Nc6 3.e3 Nf6 4.Nf3 Bg4 5.c4 e6 6.Nc3 Bd6 7.Bxd6 Qxd6 8.h3 
Bxf3 9.Qxf3 Qb4 10.O-O-O dxc4 11.e4 O-O-O 12.Qe3 Rhe8 13.f4 Qb6 14.Na4 Qa5
15.Nc3 Qb6 16.Na4 Qa5 17.Nc3 b5 18.Kb1 Qb6 19.Ne2 e5 20.fxe5 Rxe5 21.g4 
Rxe4 22.Qf3 Nxd4 23.Nxd4 Rexd4 24.Re1 Qb7 25.Qf5+ Kb8 26.Rg1 Rd1+ 27.Rxd1 
Rxd1+ 28.Kc2 Rd5 29.Qf4 Qb6 30.Rg3 Qd6 31.Qf3 Rd2+ 32.Kc1 Qd4 33.Qc3 Rd1+ 
34.Kc2 Qxc3+ 0-1

[Event "Nordic Championship 65+"]
[Site "Vaxjo"]
[Date "2017.06.30"]
[Round "6.3"]
[White "Westin, Ake"]
[Black "Ekelund, Kurt"]
[Result "1/2-1/2"]
[WhiteElo "2098"]
[BlackElo "2003"]

1.f4 d5 2.Nf3 Nf6 3.e3 g6 4.Be2 Bg7 5.O-O O-O 6.d3 c5 7.Nc3 Nc6 8.Ne5 Ne8 
9.Nxc6 bxc6 10.e4 Nc7 11.Bf3 Rb8 12.Qe1 Ba6 13.f5 c4 14.Be2 cxd3 15.Bxd3 
Bxd3 16.cxd3 dxe4 17.dxe4 Nb5 18.Nxb5 Rxb5 19.Rb1 Qd3 20.Bg5 Re5 21.Qc1 
Qxe4 22.Bxe7 Rxe7 23.f6 Qe3+ 24.Qxe3 Rxe3 25.fxg7 Kxg7 26.Rbc1 Re2 27.Rf2 
Rxf2 28.Kxf2 Rb8 29.Rc2 Rb6 30.Ke3 Kf6 31.Kd4 Ke6 32.Re2+ Kd6 33.Rf2 f5 
34.Kc3 Rb5 35.Re2 Rc5+ 36.Kb3 Rb5+ 37.Kc3 Rc5+ 38.Kb3 Rb5+ 39.Kc3 Rc5+ 
1/2-1/2

[Event "Nordic Championship 65+"]
[Site "Vaxjo"]
[Date "2017.06.30"]
[Round "6.4"]
[White "Grahn, Lars"]
[Black "Norevall, Ulf"]
[Result "1-0"]
[WhiteElo "2008"]
[BlackElo "1769"]

1.d4 d5 2.Nf3 Nf6 3.e3 e6 4.c4 c6 5.Nc3 Be7 6.b3 O-O 7.Bd3 b6 8.O-O Nbd7 
9.Bb2 Bb7 10.cxd5 exd5 11.Rc1 c5 12.Ne2 Rc8 13.Ng3 Re8 14.dxc5 Bxc5 15.Rc2
Bf8 16.Rxc8 Qxc8 17.Qb1 Ba6 18.Bxa6 Qxa6 19.Rd1 Qb5 20.Nd4 Qc5 21.Rc1 Qd6 
22.Ngf5 Qb8 23.Qc2 g6 24.Ng3 Ne5 25.Nc6 Nxc6 26.Qxc6 Re6 27.Qb5 Qd6 28.Rd1
h5 29.Bxf6 Rxf6 30.Ne4 dxe4 31.Rxd6 Rxd6 32.g3 f5 33.Qa6 Rd7 34.Qc8 Re7 
35.h3 Kf7 36.g4 hxg4 37.hxg4 Re8 38.Qd7+ Re7 39.Qd5+ Kf6 40.gxf5 gxf5 41.
Kf1 Rf7 42.Ke2 Bc5 43.b4 Bf8 44.a3 Be7 45.Qa8 Bf8 46.Qd8+ Ke6 47.Qe8+ Kf6 
48.Kd2 Kg6 49.Qe6+ Kg7 50.Kc3 Rf6 51.Qc8 Rf7 52.Kd4 Kg6 53.Qe8 Kf6 54.Kd5 
Kg7 55.Qe5+ Kg6 56.Qg3+ Kf6 57.Qh4+ Kg6 58.Qh8 Bg7 59.Qe8 Bf8 60.Ke6 1-0